| 000 | 00461 a2200133 4500 | ||
|---|---|---|---|
| 001 | 55709 | ||
| 082 | _a629.1323 RDS | ||
| 090 |
_c34595 _d34595 |
||
| 245 |
_aRDS software for aircraft conceptual analysis & design professional with manual + CD ( 2 sets) _bsoftware with manual _cConceptual Research Corp |
||
| 260 |
_aConceptual Research Corp _bHawthoren _c2004 |
||
| 300 | _aii, 63 p. manual | ||
| 610 | _aConceptual Research Corp | ||
| 650 | _aRDS software | ||
| 942 |
_aNUST-CAE _k629.1323 RDS |
||
| 999 |
_c290782 _d290782 |
||